[Event "Let's Play Chess!"]
[Site "http://www.queenalice.com/game.php?id=274151"]
[Date "2007.9.19"]
[Round "-"]
[White "marcohashi"]
[Black "fire4"]
[Result "1-0"]
[WhiteElo "1799"]
[BlackElo "1330"]

1. e4 d5 2. exd5 Qxd5 3. Nc3 Qa5 4. Qe2 Bf5 5. d3 Nf6 6. Bd2 e6 7. b3 Qc5 8. Nf3
Nc6 9. Qe3 O-O-O 10. Qxc5 Bxc5 11. Na4 Ba3 12. Bc3 Bb4 13. Bxb4 Nxb4 14. Kd2
Ne4+ 15. Ke2 Nxc2 16. Rc1 Nxf2 17. Kxf2 Nb4 18. Rd1 Bxd3 19. Ke3 Bxf1 20. Rhxf1
Nxa2 21. Rxd8+ Rxd8 22. Ng5 f6 23. Nxe6 Rd7 24. g4 b6 25. h4 Re7 26. Ra1 Rxe6+
27. Kf4 Nb4 28. Rd1 Re5 29. Nc3 h6 30. Rd4 g5+ 31. hxg5 hxg5+ 32. Kf3 c5 33. Rd6
f5 34. gxf5 Rxf5+ 35. Kg4 Re5 36. Rg6 Re3 37. Nb5 Rxb3 38. Nxa7+ Kb7 39. Rg7+
Ka6 40. Nc8 Nc6 41. Rxg5 Nd4 42. Re5 Rb4 43. Kh5 c4 44. Nd6 c3 45. Re1 c2 46.
Ra1+ Ra4 47. Rxa4# 1-0

[Event "Challenge"]
[Site "http://www.queenalice.com/game.php?id=275159"]
[Date "2007.9.21"]
[Round "-"]
[White "taetschgring"]
[Black "marcohashi"]
[Result "0-1"]
[WhiteElo "1255"]
[BlackElo "1771"]

1. e4 e5 2. Bc4 Nf6 3. d3 Bc5 4. Nf3 Ng4 5. O-O d6 6. h3 Nf6 7. g4 h5 8. g5 Nh7
9. Bd2 Bxh3 10. Re1 Bg4 11. b4 Bb6 12. c3 f6 13. Be3 Nd7 14. Nbd2 Nxg5 15. Kg2
Bxe3 16. fxe3 h4 17. Rh1 h3+ 0-1

[Event "somebody?"]
[Site "http://www.queenalice.com/game.php?id=275419"]
[Date "2007.9.22"]
[Round "-"]
[White "marcohashi"]
[Black "txukahamae"]
[Result "1-0"]
[WhiteElo "1758"]
[BlackElo "1684"]

1. Nf3 Nf6 2. d4 d5 3. Bg5 e6 4. e3 Be7 5. h3 b6 6. Nc3 Bb7 7. Bd3 Nbd7 8. Ne5
h6 9. Bf4 c5 10. Bb5 O-O 11. g4 a6 12. Bd3 cxd4 13. exd4 Bb4 14. Bd2 b5 15. h4
Qc7 16. g5 Nh7 17. gxh6 g6 18. Rg1 Nxe5 19. dxe5 Qxe5+ 20. Qe2 Qxe2+ 21. Bxe2 d4
22. Nb1 Bxd2+ 23. Nxd2 Nf6 24. O-O-O Kh7 25. Nb3 Kxh6 26. Rxd4 Rfd8 27. c3 Bd5
28. Bd1 Bxb3 29. Bxb3 Rxd4 30. cxd4 Rd8 31. Rd1 Kh5 32. a4 Kxh4 33. Kc2 Kh5 34.
Kc3 Ne4+ 35. Kb4 Ra8 36. f3 Nd6 37. d5 exd5 38. Bxd5 Rd8 39. Bxf7 Nxf7 40. Rh1+
Kg5 41. axb5 axb5 42. Rf1 Rd5 43. b3 Kf4 44. Kc3 Ne5 45. Rg1 Nxf3 46. Rxg6 Ne5
47. Rf6+ Ke4 48. Kb4 Nd3+ 49. Ka5 b4+ 50. Ka4 Kd4 51. Rc6 Rd8 52. Rc4+ Ke3 53.
Kb5 Rd5+ 54. Kc6 Ne5+ 55. Kxd5 Nxc4 56. Kxc4 Ke4 57. Kxb4 Kd5 58. Kb5 Kd6 59.
Kb6 Kd7 60. b4 Kc8 61. Ka6 Kb8 62. b5 Ka8 63. b6 Kb8 64. b7 1-0

[Event "somebody?"]
[Site "http://www.queenalice.com/game.php?id=275420"]
[Date "2007.9.22"]
[Round "-"]
[White "txukahamae"]
[Black "marcohashi"]
[Result "0-1"]
[WhiteElo "1683"]
[BlackElo "1744"]

1. d4 d5 2. c4 dxc4 3. e4 e6 4. Bxc4 Nf6 5. Nc3 Bb4 6. Nf3 a6 7. a3 Bxc3+ 8.
bxc3 b6 9. Bg5 h6 10. Bxf6 Qxf6 11. O-O Bb7 12. Nd2 Nd7 13. Bd3 c5 14. Qf3 O-O
15. Qxf6 Nxf6 16. e5 Nd5 17. Be4 cxd4 18. cxd4 b5 19. Bxd5 Bxd5 20. Rfc1 Rac8
21. f4 f6 22. Kf2 fxe5 23. dxe5 Rxf4+ 24. Kg3 Rff8 25. Nf1 Bc4 26. Ne3 Rc5 27.
Nxc4 Rxc4 28. Rxc4 bxc4 29. Rc1 Rc8 30. Rc3 g5 31. Kf3 Kf7 32. g4 Kg6 33. Ke4 h5
34. h3 hxg4 35. hxg4 Rc5 36. Kd4 Ra5 37. Kxc4 Rxe5 38. Kd4 Rd5+ 39. Ke4 Kf6 40.
Rf3+ Ke7 41. Rb3 Rb5 42. Rc3 Kd6 43. Rd3+ Rd5 44. Rb3 a5 45. Rb6+ Ke7 46. Rb7+
Kd6 47. Rb6+ Ke7 48. Rb7+ Rd7 49. Rb3 Rc7 50. Rd3 Rc4+ 51. Kf3 e5 52. Rb3 Kd6
53. Rd3+ Rd4 54. Rc3 Kd5 55. Ke3 Rxg4 0-1

[Event "AUTO-OPEN-718"]
[Site "http://www.queenalice.com/game.php?id=279226"]
[Date "2007.9.30"]
[Round "2"]
[White "reginaldox"]
[Black "marcohashi"]
[Result "0-1"]
[WhiteElo "1631"]
[BlackElo "1761"]

1. b4 e6 2. b5 c6 3. a4 Nf6 4. Bb2 a6 5. c4 axb5 6. cxb5 cxb5 7. axb5 Rxa1 8.
Bxa1 d5 9. d4 Qa5+ 10. Nd2 Qxb5 11. e3 Qa5 12. Nf3 Ne4 13. Be2 Nxd2 14. Nxd2 Bb4
15. Bb2 Bxd2+ 16. Qxd2 Qxd2+ 17. Kxd2 O-O 18. Ba3 Rd8 19. Bd3 Nc6 20. Rc1 Bd7
21. h3 Ra8 22. Bd6 f6 23. f4 g6 24. Ke2 Kf7 25. g4 Rc8 26. h4 Nxd4+ 27. Kd2 Nb3+
0-1

[Event "AUTO-OPEN-718"]
[Site "http://www.queenalice.com/game.php?id=279227"]
[Date "2007.9.30"]
[Round "2"]
[White "marcohashi"]
[Black "reginaldox"]
[Result "1-0"]
[WhiteElo "1763"]
[BlackElo "1677"]

1. e4 c5 2. Bc4 e5 3. Nf3 d6 4. d3 Bg4 5. h3 Bh5 6. g4 Bg6 7. Ng5 h6 8. Nf3 Be7
9. Nc3 a6 10. a3 Nc6 11. Bd5 Qc7 12. Bd2 O-O-O 13. h4 f6 14. Na2 Rf8 15. h5 Bf7
16. Nc3 Bd8 17. Nh4 Nge7 18. Bxf7 Rxf7 19. Nf5 Nxf5 20. gxf5 Nd4 21. Nd5 Qd7 22.
c3 Nb5 23. Qa4 Nc7 24. Nb6+ 1-0

[Event "AUTO-OPEN-718"]
[Site "http://www.queenalice.com/game.php?id=279232"]
[Date "2007.9.30"]
[Round "2"]
[White "marcohashi"]
[Black "Marchess"]
[Result "1-0"]
[WhiteElo "1770"]
[BlackElo "2102"]

1. e4 c6 2. Bc4 d6 3. Nf3 h6 4. d3 Nf6 5. Nc3 Bg4 6. h3 Bh5 7. a3 Nbd7 8. g4 Bg6
9. Bd2 e6 10. Qe2 Be7 11. O-O-O b5 12. Ba2 a5 13. Rhg1 b4 14. Na4 bxa3 15. bxa3
Nb6 16. Nb2 d5 17. h4 Bxa3 18. Bc3 Na4 19. Qd2 Rb8 20. Bb3 Nxb2 21. Bxb2 Bxb2+
22. Kxb2 a4 23. Ne5 Qb6 24. Qc3 c5 25. Ra1 d4 26. Qc4 Qb4 27. Rxa4 Qxc4 28. Rxc4
Rb5 29. Kc1 Ra5 30. Kd2 Ke7 31. Nc6+ 1-0

[Event "AUTO-OPEN-718"]
[Site "http://www.queenalice.com/game.php?id=279233"]
[Date "2007.9.30"]
[Round "2"]
[White "Marchess"]
[Black "marcohashi"]
[Result "1-0"]
[WhiteElo "2099"]
[BlackElo "1773"]

1. e4 c6 2. d4 e6 3. Nf3 Nf6 4. e5 Nd5 5. Bc4 d6 6. O-O Nd7 7. Re1 b5 8. Bb3 Bb7
9. Bxd5 cxd5 10. Bg5 Qc7 11. Nc3 dxe5 12. dxe5 a6 13. a3 b4 14. axb4 Bxb4 15.
Bd2 Qc6 16. Qe2 d4 17. Ne4 Bxd2 18. Qxd2 Rd8 19. Nd6+ Ke7 20. Qg5+ Nf6 21. Qxg7
Rxd6 22. exd6+ Qxd6 23. Qxh8 Ng4 24. Qxh7 e5 25. Qh4+ Nf6 26. Nxd4 Qd5 27. f3
Kf8 28. Qxf6 Qxd4+ 29. Kh1 Qxb2 30. Qh8+ Ke7 31. Rxe5+ Kd6 32. Rd1+ Kc6 33. Qf6+
Kc7 34. Qd6+ Kc8 35. Qd8# 1-0

[Event "Let's Play Chess!"]
[Site "http://www.queenalice.com/game.php?id=283580"]
[Date "2007.10.9"]
[Round "-"]
[White "marcohashi"]
[Black "CampbellMarcel"]
[Result "0-1"]
[WhiteElo "1776"]
[BlackElo "1796"]

1. e4 Nc6 2. Nf3 e5 3. Bb5 a6 4. Bxc6 dxc6 5. d3 Bg4 6. Nbd2 Bc5 7. h3 Bxf3 8.
Nxf3 f6 9. a3 Ne7 10. b4 Bd4 11. Nxd4 exd4 12. Bb2 O-O 13. Qe2 Nf5 14. Rd1 b6
15. O-O Nh6 16. c3 c5 17. bxc5 bxc5 18. cxd4 cxd4 19. a4 a5 20. Qc2 Rb8 21. Qc4+
Nf7 22. Bxd4 Rb4 23. Qc5 Rxd4 24. Qxa5 Rxd3 25. Rxd3 Qxd3 26. f3 Qd6 27. Qb5
Qb6+ 28. Kh2 Rb8 29. Qd3 Rd8 30. Qc4 Qd6+ 31. g3 Kf8 32. Rc1 Ne5 33. Qc3 Ra8 34.
f4 Nd7 35. Rf1 Rxa4 36. e5 Ra2+ 37. Kh1 Qd5+ 38. Qf3 Qxf3+ 39. Rxf3 Ra6 40. g4
Ke8 41. exf6 Nxf6 42. g5 Nd5 43. h4 Ra4 44. Kg2 Nxf4+ 45. Kg3 Nh5+ 46. Kh3 g6
47. Re3+ Kf7 48. Rc3 Nf4+ 49. Kg3 Ne2+ 50. Kg2 Nxc3 51. h5 gxh5 52. g6+ hxg6 53.
Kf3 h4 54. Ke3 Nd5+ 55. Kf3 g5 56. Kg2 g4 57. Kh2 Ra3 58. Kg2 h3+ 59. Kh2 Nf4
60. Kg1 g3 61. Kf1 h2 62. Ke1 h1=Q+ 63. Kd2 Qg2+ 64. Kd1 Ra1# 0-1

[Event "Let's Play Chess!"]
[Site "http://www.queenalice.com/game.php?id=283581"]
[Date "2007.10.9"]
[Round "-"]
[White "marcohashi"]
[Black "CampbellMarcel"]
[Result "0-1"]
[WhiteElo "1772"]
[BlackElo "1801"]

1. d4 Nf6 2. Bf4 d6 3. Nf3 Nbd7 4. e3 h6 5. Bd3 g5 6. Bg3 Bg7 7. Nc3 a6 8. O-O
Nb6 9. h3 g4 10. hxg4 Bxg4 11. Be2 h5 12. Nh4 Qd7 13. f3 Be6 14. b3 O-O-O 15. a4
Nbd5 16. Qd2 Nxc3 17. Qxc3 Nd5 18. Qd2 Bh6 19. f4 Bg4 20. c4 Bxe2 21. Qxe2 Nf6
22. Rfd1 Ne4 23. Bh2 Nc3 24. Qf3 Nxd1 25. Rxd1 e6 26. c5 dxc5 27. f5 Rdf8 28.
dxc5 Qc6 29. Qxc6 Bxe3+ 30. Kf1 bxc6 31. b4 Rd8 32. Re1 Bd2 33. Rb1 Rd4 34. Nf3
Rxb4 35. Nxd2 Rxb1+ 36. Nxb1 exf5 37. Nd2 Rd8 38. Nf3 Rd1+ 39. Ke2 Ra1 40. Ng5
Rxa4 41. Nxf7 Kd7 42. Nh6 Ke6 43. Bxc7 Ra2+ 44. Kf3 h4 45. Bd6 a5 46. Ng8 a4 47.
Ne7 a3 48. Nxc6 Rd2 49. Bf4 a2 50. Be5 Kd5 51. Ke3 Rxg2 52. Nd4 Kxe5 53. Nb3
Rg3+ 54. Kf2 Rxb3 55. c6 a1=Q 56. c7 Qa2+ 57. Kg1 Rb1# 0-1

[Event "Let's Play Chess!"]
[Site "http://www.queenalice.com/game.php?id=283896"]
[Date "2007.10.10"]
[Round "-"]
[White "Rapha66"]
[Black "marcohashi"]
[Result "0-1"]
[WhiteElo "1500"]
[BlackElo "1803"]

1. e4 e5 2. d3 Nf6 3. Bg5 Bc5 4. Bxf6 Qxf6 5. Nf3 Nc6 6. c3 d6 7. h3 a6 8. Nbd2
Be6 9. Be2 O-O-O 10. O-O h5 11. Nh2 g6 12. Nc4 d5 13. exd5 Bxd5 14. Nxe5 Bxf2+
15. Rxf2 Qxe5 16. Qd2 f5 17. Re1 Qf6 18. g4 Qg7 19. gxf5 gxf5+ 20. Kf1 Rhg8 21.
Bf3 Qg1+ 22. Ke2 Rde8+ 23. Kd1 Rxe1+ 24. Qxe1 Bxf3+ 25. Nxf3 Qg3 26. Nh4 Qxh4
27. Qe6+ Kb8 28. Qxg8+ Ka7 29. Qg1 b6 30. Rxf5 Qxh3 31. Qg6 Qxd3+ 32. Ke1 Ne7
33. Qf7 Qe4+ 34. Kd2 Nxf5 35. Qxc7+ Qb7 36. Qe5 Qd7+ 37. Ke1 Qe7 38. Qxe7+ Nxe7
39. Kf2 Nf5 40. Kg2 h4 41. a4 Kb7 42. b4 Kc6 43. c4 Ne3+ 44. Kh3 Nxc4 45. Kxh4
a5 46. b5+ Kc5 47. Kg4 Kb4 48. Kf4 Kxa4 49. Ke4 Kxb5 0-1

[Event "Let's Play Chess!"]
[Site "http://www.queenalice.com/game.php?id=284388"]
[Date "2007.10.11"]
[Round "-"]
[White "marcohashi"]
[Black "BogusBogart"]
[Result "0-1"]
[WhiteElo "1807"]
[BlackElo "1797"]

1. e4 e5 2. Bc4 Nf6 3. d3 Bc5 4. h3 d5 5. exd5 Nxd5 6. Bd2 Be6 7. Nc3 c6 8. a3
b5 9. Ba2 Nxc3 10. Bxc3 Bxa2 11. Rxa2 Qd5 12. Qg4 Qxa2 13. Qc8+ Ke7 14. Qxh8
Qb1+ 15. Ke2 Qxc2+ 16. Bd2 e4 17. Qxh7 Qxd3+ 18. Kd1 Nd7 19. Nf3 Qb3+ 20. Ke2
exf3+ 21. gxf3 Re8 22. Kf1 Qxf3 23. Qh4+ Nf6 24. Rg1 Qd1+ 25. Be1 Qd3+ 26. Kg2
Qe4+ 27. Qxe4+ Nxe4 28. Kf3 Kf6 29. Rg4 Ng5+ 30. Kg3 Rxe1 31. Kh4 Ne6 32. Rg2 a5
33. f3 Bd6 34. Rd2 g5+ 35. Kh5 Nf4+ 36. Kh6 Bf8+ 37. Kh7 Re8 38. b4 Bg7 39. Rd6+
Ne6 40. Rxe6+ fxe6 41. bxa5 Rh8# 0-1

[Event "Let's Play Chess!"]
[Site "http://www.queenalice.com/game.php?id=284389"]
[Date "2007.10.11"]
[Round "-"]
[White "BogusBogart"]
[Black "marcohashi"]
[Result "1-0"]
[WhiteElo "1813"]
[BlackElo "1776"]

1. e4 e5 2. Nf3 d6 3. d4 exd4 4. Bc4 h6 5. Nxd4 Nf6 6. Nc3 Be7 7. Be3 a6 8. Qf3
c5 9. Nf5 Bxf5 10. Qxf5 Qd7 11. Qxd7+ Nbxd7 12. Bd5 Rb8 13. O-O Nb6 14. Rfe1 O-O
15. Rad1 Rfe8 16. a4 Nbxd5 17. exd5 Bd8 18. Bf4 Rxe1+ 19. Rxe1 Ba5 20. Bxd6 Rc8
21. Re5 b6 22. Ne2 Re8 23. Rxe8+ Nxe8 24. Be5 f6 25. Bb8 Kf7 26. c4 Ke7 27. f3
g5 28. Kf2 Nd6 29. Bxd6+ Kxd6 30. Ke3 b5 31. axb5 axb5 32. b3 bxc4 33. bxc4 f5
34. Kd3 Ke5 35. g4 fxg4 36. fxg4 Bc7 37. Ke3 Kf6 38. h3 Kg6 39. Ke4 Kf6 40. Nc3
Be5 41. Na4 Bd4 42. Nb6 Bg1 43. Na8 Bh2 44. Nb6 Bg1 45. Nc8 Bh2 46. Na7 Bg1 47.
Nc6 Bh2 48. Kd3 Kg6 49. Kc3 h5 50. Kb3 hxg4 51. hxg4 Kf6 52. Ka4 Bg1 53. Kb5 Kf7
54. Ne5+ Kf6 55. Nd3 Ke7 56. Nxc5 Bh2 57. Kc6 Kf6 58. Nd3 Ke7 59. c5 Kd8 60. d6
Bg3 61. Kd5 Kd7 62. c6+ Kd8 63. Nc5 Bh2 64. Ne6+ Ke8 65. d7+ Kf7 66. d8=Q Bc7
67. Qf8+ Kg6 68. Qg7# 1-0

[Event "somebody?"]
[Site "http://www.queenalice.com/game.php?id=284442"]
[Date "2007.10.11"]
[Round "-"]
[White "elche"]
[Black "marcohashi"]
[Result "0-1"]
[WhiteElo "1376"]
[BlackElo "1801"]

1. e4 e5 2. Nf3 d6 3. d4 Nd7 4. d5 Ngf6 5. Nc3 c6 6. dxc6 bxc6 7. Bc4 h6 8. Be3
Bb7 9. Bd3 d5 10. exd5 cxd5 11. Bd2 e4 0-1

[Event "somebody?"]
[Site "http://www.queenalice.com/game.php?id=284444"]
[Date "2007.10.11"]
[Round "-"]
[White "marcohashi"]
[Black "elche"]
[Result "0-1"]
[WhiteElo "1757"]
[BlackElo "1477"]

1. e4 c5 2. Bc4 e6 3. Nf3 Nc6 4. d3 Nf6 5. Nc3 Be7 6. Be3 O-O 7. e5 Ng4 8. Qe2
Ngxe5 9. Bb3 Nxf3+ 10. Qxf3 Bf6 11. Bxc5 Ne5 12. Qe2 d6 13. Ba3 a6 14. h3 Re8
15. O-O-O Nc6 16. Ne4 d5 17. Nxf6+ Qxf6 18. g4 Nd4 19. Qe3 Nxb3+ 20. cxb3 b5 21.
Bb4 e5 22. g5 Qf5 23. h4 Qf4 24. Qxf4 exf4 25. f3 Re3 26. Rh3 Bf5 27. Rh2 Rxf3
28. d4 Re8 29. Rhh1 Be4 30. Rhe1 Rh3 31. Rd2 f3 32. Rc2 Rxh4 33. Rc5 f2 34. Rf1
Rh1 35. Rxh1 Bxh1 36. Rc2 f1=Q+ 37. Be1 Qxe1# 0-1

[Event "Let's Play Chess!"]
[Site "http://www.queenalice.com/game.php?id=284715"]
[Date "2007.10.11"]
[Round "-"]
[White "marcohashi"]
[Black "CampbellMarcel"]
[Result "0-1"]
[WhiteElo "1791"]
[BlackElo "1819"]

1. Nf3 f5 2. e3 Nf6 3. Bc4 d5 4. Bb3 e6 5. d4 Ne4 6. Nbd2 c5 7. Nxe4 fxe4 8.
Ba4+ Nd7 9. Ne5 Qa5+ 10. Qd2 Qxa4 11. b3 Qb4 12. c3 Qb6 13. Nxd7 Bxd7 14. dxc5
Bxc5 15. b4 Be7 16. a4 O-O 17. Ba3 Qd8 18. a5 Bb5 19. Rd1 Bh4 20. Qc2 Bxf2+ 21.
Kd2 Qg5 22. Kc1 Bxe3+ 23. Kb2 Rf2 24. Qxf2 Bxf2 25. Rc1 Qxg2 26. Kb3 Bc4+ 27.
Ka4 a6 28. Rhd1 b5+ 29. axb6 Bxb6 30. Ra1 Qc2# 0-1

[Event "Let's Play Chess!"]
[Site "http://www.queenalice.com/game.php?id=288872"]
[Date "2007.10.18"]
[Round "-"]
[White "marcohashi"]
[Black "CampbellMarcel"]
[Result "0-1"]
[WhiteElo "1730"]
[BlackElo "1784"]

1. e4 e5 2. Nf3 Nc6 3. Bb5 d6 4. d3 Bd7 5. Bc4 Nh6 6. Nc3 a6 7. a3 Bg4 8. h3 Bh5
9. Be3 Bxf3 10. Qxf3 Nd4 11. Bxd4 exd4 12. Nd5 b5 13. Ba2 c6 14. Nf4 g5 15. Ne2
Qe7 16. O-O-O Bg7 17. Rde1 O-O 18. Ng3 Qf6 0-1